[Event "GER CCM-E02-D email"]
[Site "GER email"]
[Date "2018.06.19"]
[Round "?"]
[White "Ilzig, Gerhard Gunther"]
[Black "Baroin, Bernard"]
[Result "1/2-1/2"]
[WhiteElo "2241"]
[BlackElo "2259"]
[PlyCount "115"]
[EventDate "2018.??.??"]
[EventType "tourn (corr)"]
[EventRounds "13"]
[EventCountry "GER"]
[SourceTitle "Corr 2022"]
[Source "ChessBase"]
[SourceDate "2021.10.24"]
[SourceVersion "1"]
[SourceVersionDate "2021.10.24"]
[SourceQuality "1"]

1. d4 Nf6 2. c4 e6 3. Nf3 d5 4. Nc3 c6 5. e3 Nbd7 6. Qc2 Bd6 7. Bd3 0-0 8. 0-0 dxc4 9. Bxc4 a6 10. Rd1 b5 11. Bd3 Qc7 12. Bd2 c5 13. Ne4 Bb7 14. Nxd6 Qxd6 15. dxc5 Qxc5 16. Qxc5 Nxc5 17. Bf1 Rfd8 18. b3 Rac8 19. Nd4 g6 20. Ba5 Rd5 21. h3 h5 22. Rdc1 e5 23. Nf3 Nfe4 24. Bb4 Ne6 25. Rxc8+ Bxc8 26. a4 Bd7 27. axb5 axb5 28. Ra8+ Kg7 29. Ra7 Bc6 30. Ba3 Rd1 31. Bb2 Rb1 32. Bxe5+ Kf8 33. Ra1 Rxb3 34. Be2 Ke8 35. Ne1 Nc3 36. Bd3 Be4 37. Bf1 Nb1 38. Nf3 Bxf3 39. gxf3 Na3 40. Bf6 Kd7 41. Rc1 Nc7 42. Be5 Nd5 43. f4 Nb4 44. Rc7+ Ke6 45. Bg2 Nc4 46. Bg7 Rd3 47. Bf8 Nd5 48. Rc6+ Kd7 49. Rc5 Nc7 50. f5 Rd1+ 51. Kh2 Rd2 52. Bc6+ Kd8 53. Kg1 Rd1+ 54. Kg2 Rd2 55. fxg6 fxg6 56. Bh6 Nd6 57. Bg5+ Kc8 58. Rc1 1/2-1/2

[Event "GER CCM-E02-D email"]
[Site "GER email"]
[Date "2018.06.19"]
[Round "?"]
[White "Ilzig, Gerhard Gunther"]
[Black "Jambrich, Jaromir"]
[Result "1/2-1/2"]
[WhiteElo "2241"]
[BlackElo "2246"]
[PlyCount "73"]
[EventDate "2018.??.??"]
[EventType "tourn (corr)"]
[EventRounds "13"]
[EventCountry "GER"]
[SourceTitle "Corr 2020"]
[Source "ChessBase"]
[SourceDate "2019.09.30"]
[SourceVersion "1"]
[SourceVersionDate "2019.09.30"]
[SourceQuality "1"]

1. d4 d5 2. Nf3 Nf6 3. g3 e6 4. Bg2 Be7 5. c4 0-0 6. 0-0 dxc4 7. Qc2 a6 8. a4 Bd7 9. Qxc4 Bc6 10. Bf4 Bd6 11. Bg5 Nbd7 12. Nc3 h6 13. Bxf6 Nxf6 14. a5 Qe7 15. e3 Rfd8 16. Rfe1 Bd5 17. Qa4 Bb4 18. Rec1 Bc6 19. Qc2 Rab8 20. Qb3 g6 21. Qc4 Rdc8 22. Ne1 Bxg2 23. Kxg2 c5 24. Nd3 Kh7 25. dxc5 Bxc5 26. Qh4 Qd8 27. Rd1 Be7 28. Ne5 Qe8 29. Qa4 Qxa4 30. Rxa4 Kg7 31. Rdd4 Rc5 32. Nd3 Rc7 33. Rac4 Rbc8 34. Rxc7 Rxc7 35. Na4 Nd7 36. Nb6 Nb8 37. Kf1 1/2-1/2